Sanat - "Älä droppaa mun tunnelmaa" - Paula Vesala - Statistics

Yleistilastot
  • Tätä visaa on pelattu 573 kertaa
  • Keskiarvotulos 168 / 234
Vastaustilastot
sanat % Oikein
älä
97%
droppaa
96%
mun
96%
tunnelmaa
96%
tuu
94%
ja
92%
86%
on
85%
vaa
82%
Mul
81%
mul
81%
siihen
80%
jo
78%
voi
78%
jankuttaa
77%
juttua
76%
kesäloma
76%
vähän
76%
vaan
75%
yksi
75%
eilistä
74%
tosi
74%
kiva
73%
siitä
73%
mitä
72%
puolet
72%
vuodessa
72%
ylöspäin
71%
mut
70%
oon
69%
suupielet
69%
takapiha
69%
satanu
68%
la
67%
mene
67%
pois
67%
pyytää
67%
en
66%
et
66%
tiiän
66%
grilli
64%
tää
64%
apinana
63%
Costa
63%
sotkunen
63%
tehny
63%
töitä
63%
vois
63%
yhen
63%
nyt
62%
Rica
62%
kyllä
60%
jolta
55%
päätin
54%
vetää
54%
laa
53%
sadepilvet
49%
voitsä
49%
toivoo
48%
univaje
36%
aurinko,
32%
ekoteko
31%
seko
30%
olla
27%
ego
25%
iso
25%
rauhassa
25%
riittää
25%
himmeeki
22%
niin
22%
en voi
21%
siinä
21%
sul
21%
tän
21%
myrskyinen
20%
ansainnu
18%
laskevan
18%
sykkeen
18%
synkkä
18%
valokaje
16%
älä tuu
15%
nää?
11%
voin
11%
järkännyt
7%
kellukkeet
6%
vitskui
6%
Ehtoja vastaavia visoja ei löytynyt
Tulosjakauma
Jokaisen tuloksen saaneiden osuus
Persentiili vastausten määrän mukaan
Tuloshistoriasi
Et ole pelannut tätä visaa